000 00296nam a22001097a 4500
008 230620b xxu||||| |||| 00| 0 eng d
082 _a321.67
_bOYU 1992
245 _aPolitics and Administation
260 _aGermany
_bKonrad Adenauer Foundation and Editor
_c1992
300 _a545p
942 _2ddc
_cBK
999 _c1806
_d1806